|
|
|
|
| LEADER |
01167nam a2200301 i 4500 |
| 001 |
c000145773 |
| 003 |
CARM |
| 005 |
00000000000000.0 |
| 008 |
780302s1977 mx c b 00010bspa |
| 019 |
1 |
|
|a 1161903
|5 LACONCORD2021
|
| 035 |
|
|
|a (OCoLC)3462513
|5 LACONCORD2021
|
| 043 |
|
|
|a n-mx---
|
| 050 |
0 |
0 |
|a F1234
|b .M19042
|
| 082 |
0 |
0 |
|a 972/.08/10924
|a B
|
| 100 |
1 |
|
|a Arenas, Francisco Javier,
|d 1917-
|
| 245 |
1 |
0 |
|a Francisco Ignacio Madero, el creador de la Revolucion Mexicana /
|c Francisco Javier Arenas.
|
| 250 |
|
|
|a 1. ed.
|
| 260 |
|
|
|a Mexico :
|b Federacion Editorial Mexicana,
|c 1977.
|
| 300 |
|
|
|a 249 p. :
|b port. ;
|c 23 cm.
|
| 490 |
0 |
|
|a Coleccion Pensamiento actual
|
| 504 |
|
|
|a Bibliography: p. 247-249.
|
| 600 |
1 |
0 |
|a Madero, Francisco I.,
|d 1873-1913.
|
| 650 |
|
0 |
|a Presidents
|z Mexico
|x Biography.
|
| 651 |
|
0 |
|a Mexico
|x Politics and government
|y 1867-1910.
|
| 651 |
|
0 |
|a Mexico
|x Politics and government
|y 1910-1946.
|
| 852 |
8 |
|
|b CARM
|h A2:AF18F0
|i C01317
|p 0073104
|f BK
|
| 999 |
f |
f |
|i d608edd8-6fff-5095-8fa5-6c3f5a74e14b
|s dca0ad6b-5ada-5275-a5db-0d5c8a5be6a9
|
| 952 |
f |
f |
|p Can circulate
|a CAVAL
|b CAVAL
|c CAVAL
|d CARM 1 Store
|e C01317
|f A2:AF18F0
|h Other scheme
|i book
|m 0073104
|